| 000 | 00535nam a22002057a 4500 | ||
|---|---|---|---|
| 001 | 21560 | ||
| 005 | 20260314155834.0 | ||
| 008 | 260314b |||||||| |||| 00| 0 spa d | ||
| 041 | _aESP | ||
| 082 |
_a323.4 _bA62 |
||
| 100 | _aAnsuátegui Roig, Francisco Javier | ||
| 245 | _aLa conexión conceptual entre el estado de derecho y los derechos fundamentales | ||
| 260 |
_a : _b , _c2007 |
||
| 300 |
_a134 páginas : _b ; _c00 cm. |
||
| 440 | _a ; | ||
| 650 | _aCIS | ||
| 654 | _aCDE | ||
| 700 | _a; | ||
| 942 |
_cLIB _dJUS _fJUS _2ddc |
||
| 999 |
_c21560 _d21560 |
||